| 000 | 00423nam a2200157Ia 4500 | ||
|---|---|---|---|
| 005 | 20250923144400.0 | ||
| 008 | 008 250917s9999 xx 000 0 eng d | ||
| 037 | _aTextual | ||
| 040 |
_aDSWL _beng _cDSWL |
||
| 041 |
_aeng _2eng |
||
| 084 | _qDSWL | ||
| 100 |
_aBeveridge, S.W _9824334 |
||
| 245 | 0 |
_aSocial insurance and allied services _cby S.W Beveridge |
|
| 942 | _cTEXL | ||
| 999 |
_c1438152 _d1438152 |
||